| 000 | 00503nam a2200181Ia 4500 | ||
|---|---|---|---|
| 008 | 191130s2004##################000#0#eng## | ||
| 020 | _a9781904933021 | ||
| 040 |
_aACL _cACL |
||
| 082 | _a579.3 RIC | ||
| 245 |
_aBacterial Spore Formers: probiotics and emerging applications _cEzio Ricca |
||
| 260 |
_aNorfolk _c2004 |
||
| 300 | _axi, 244 p. : ill. ; 29 cm | ||
| 500 | _aInclude index | ||
| 650 | _aBacillus | ||
| 990 | _ad79f5a77ac10000c35264c95bae031f2 | ||
| 991 | _a239230 | ||
| 999 |
_c376917 _d376917 |
||